000 00739nam a2200193Ia 4500
008 151121s9999||||xx |||||||||||||| ||und||
082 _a891।430/श्रीमन्ना
082 _bHNW-40166
100 _aश्रीमन्नारायण
245 _aविनोबा के साथ सात दिन
260 _b"सत्साहित्य प्रकाशन मंडल, दिल्ली"
260 _c--
300 _a57
600 _aश्रीमन्नारायण
630 _aविनोबा के साथ सात दिन
700 _aश्रीमन्नारायण
730 _aविनोबा के साथ सात दिन
942 _cBOOK
999 _c1229857
_d1229854